Understanding Syntax / (ბიბ.ჩანაწერი № 41215)
[ მარტივი ფორმატი ]
| 000 -LEADER | |
|---|---|
| fixed length control field | 00571nam a2200217Ia 4500 |
| 001 - CONTROL NUMBER | |
| control field | 7867 |
| 003 - CONTROL NUMBER IDENTIFIER | |
| control field | GE_BSU |
| 005 - DATE AND TIME OF LATEST TRANSACTION | |
| control field | 20220927123902.0 |
| 008 - FIXED-LENGTH DATA ELEMENTS--GENERAL INFORMATION | |
| fixed length control field | 181216s2012||||enk|||||||||||||| ||eng|| |
| 020 ## - INTERNATIONAL STANDARD BOOK NUMBER | |
| International Standard Book Number | 9781444112054 |
| 040 ## - CATALOGING SOURCE | |
| Transcribing agency | GE_BSU |
| 041 ## - LANGUAGE CODE | |
| Language code of text/sound track or separate title | eng |
| 080 ## - UNIVERSAL DECIMAL CLASSIFICATION NUMBER | |
| Universal Decimal Classification number | 811.111-8(075.8)+81 T-17 |
| 100 ## - MAIN ENTRY--PERSONAL NAME | |
| Personal name | Tallerman, Maggie |
| 9 (RLIN) | 14849 |
| 245 ## - TITLE STATEMENT | |
| Title | Understanding Syntax / |
| Statement of responsibility, etc. | Maggie Tallerman. |
| 264 ## - PRODUCTION, PUBLICATION, DISTRIBUTION, MANUFACTURE, AND COPYRIGHT NOTICE | |
| Place of production, publication, distribution, manufacture | London : |
| Name of producer, publisher, distributor, manufacturer | Hodder Education, |
| Date of production, publication, distribution, manufacture, or copyright notice | 2012. |
| 300 ## - PHYSICAL DESCRIPTION | |
| Extent | 312 p.; |
| Other physical details | 23 cm. |
| 653 ## - INDEX TERM--UNCONTROLLED | |
| keyword | Understanding Syntax |
| 653 ## - INDEX TERM--UNCONTROLLED | |
| keyword | სინტაქსი |
| 942 ## - ADDED ENTRY ELEMENTS (KOHA) | |
| Koha item type | წიგნი |
| Source of classification or shelving scheme | |
| Withdrawn status | Lost status | Source of classification or shelving scheme | Damaged status | Not for loan | Permanent Location | Current Location | Shelving location | Date acquired | Cost, normal purchase price | Full call number | Barcode | Date last seen | Copy number | Price effective from | Koha item type | Public note |
|---|---|---|---|---|---|---|---|---|---|---|---|---|---|---|---|---|
| ბათუმის შოთა რუსთაველის სახელმწიფო უნივერსიტეტის მთავარი ბიბლიოთეკა | ბათუმის შოთა რუსთაველის სახელმწიფო უნივერსიტეტის მთავარი ბიბლიოთეკა | წიგნსაცავი | 2018-12-17 | 70.00 | 811.111-8(075.8)+81 T-17 | 24268 | 2018-12-17 | 24268 | 2018-12-17 | წიგნი | 70 ლ. | |||||
| ბათუმის შოთა რუსთაველის სახელმწიფო უნივერსიტეტის მთავარი ბიბლიოთეკა | ბათუმის შოთა რუსთაველის სახელმწიფო უნივერსიტეტის მთავარი ბიბლიოთეკა | წიგნსაცავი | 2018-12-17 | 70.00 | 811.111-8(075.8)+81 T-17 | 24269 | 2018-12-17 | 24269 | 2018-12-17 | წიგნი | 70 ლ. | |||||
| ბათუმის შოთა რუსთაველის სახელმწიფო უნივერსიტეტის მთავარი ბიბლიოთეკა | ბათუმის შოთა რუსთაველის სახელმწიფო უნივერსიტეტის მთავარი ბიბლიოთეკა | წიგნსაცავი | 2018-12-17 | 70.00 | 811.111-8(075.8)+81 T-17 | 24270 | 2018-12-17 | 24270 | 2018-12-17 | წიგნი | 70 ლ. | |||||
| ბათუმის შოთა რუსთაველის სახელმწიფო უნივერსიტეტის მთავარი ბიბლიოთეკა | ბათუმის შოთა რუსთაველის სახელმწიფო უნივერსიტეტის მთავარი ბიბლიოთეკა | წიგნსაცავი | 2018-12-17 | 70.00 | 811.111-8(075.8)+81 T-17 | 24271 | 2018-12-17 | 24271 | 2018-12-17 | წიგნი | 70 ლ. | |||||
| ბათუმის შოთა რუსთაველის სახელმწიფო უნივერსიტეტის მთავარი ბიბლიოთეკა | ბათუმის შოთა რუსთაველის სახელმწიფო უნივერსიტეტის მთავარი ბიბლიოთეკა | წიგნსაცავი | 2018-12-17 | 70.00 | 811.111-8(075.8)+81 T-17 | 24272 | 2018-12-17 | 24272 | 2018-12-17 | წიგნი | 70 ლ. |
